Politiques sociales : enjeux méthodologiques et épistémologiques des comparaisons internationales = social policies : Epistemological and Methodological issues in cross-national comparison (Record no. 39586)

MARC details
000 -LEADER
fixed length control field 00708nam a2200181Ia 4500
008 - FIXED-LENGTH DATA ELEMENTS--GENERAL INFORMATION
fixed length control field 191130s2008##################000#0#eng##
020 ## - INTERNATIONAL STANDARD BOOK NUMBER
International Standard Book Number 9789052014203
040 ## - CATALOGING SOURCE
Original cataloging agency ACL
Transcribing agency ACL
082 ## - DEWEY DECIMAL CLASSIFICATION NUMBER
Classification number 361.61094 BAR
100 ## - MAIN ENTRY--PERSONAL NAME
Personal name Barbier, Jean-Claude
245 ## - TITLE STATEMENT
Title Politiques sociales : enjeux méthodologiques et épistémologiques des comparaisons internationales = social policies : Epistemological and Methodological issues in cross-national comparison
Statement of responsibility, etc. Jean-Claude Barbier; Marie-Thérèse Letablier
260 ## - PUBLICATION, DISTRIBUTION, ETC.
Place of publication, distribution, etc. Bern
Name of publisher, distributor, etc. Peter Lang
Date of publication, distribution, etc. 2008
300 ## - PHYSICAL DESCRIPTION
Extent 295 p. ; 22 cm
650 ## - SUBJECT ADDED ENTRY--TOPICAL TERM
Topical term or geographic name entry element Social policy -- Research -- Methodology
990 ## - EQUIVALENCES OR CROSS-REFERENCES [LOCAL, CANADA]
Link information for 9XX fields b10b9046ac10000c58b65952149167a3
991 ## -
-- 346901
Holdings
Withdrawn status Lost status Damaged status Not for loan Home library Current library Shelving location Date acquired Total Checkouts Full call number Barcode Date last seen Price effective from Koha item type
        Anna Centenary Library Anna Centenary Library 4TH FLOOR, A WING 09.10.2020   361.61094 BAR 218706 09.10.2020 09.10.2020 Books

Find us on the map